000 00570nam a2200181Ia 4500
005 20250508154808.0
008 008 250505s9999 xx 000 0 eng d
037 _aTextual
040 _aFEDL
_beng
_cFEDL
041 _aeng
_2eng
084 _a421.5, HIL
_qFEDL
100 _aHill L A
245 0 _aDrills and tests in English sounds: Ear and speech training drills and tests for overseas students of English
260 _aLondon, UK
_bLongmans, Green and Co.
_c1967
300 _axii,91p
942 _cTEXL
_h421.5, HIL
999 _c1352166
_d1352166